00667nam a2200229Ia 4500001001000000003000500010008004100015010001100056040000900067082001400076100002100090245006200111260002800173300001000201503001500211650002800226650004200254650003900296650003800335650002100373710004300394Para_9303CHAP220125s2004 xx 000 0 und d a208042 cCHAP a633.15 W4 aWhite, Donald G. aPlagas y enfermedades del maíz /c por Donald G. White aMadrid :b Mundi Prensa a78 p. aC/e (ej.1) aMaíz x enfermedades  aMaíz x enfermedades por bacterias  aMaíz x enfermedades por hongos  aMaíz x enfermedades por virus  aMaíz x plagas aThe American Phytopathological Society